000 00705nac a22001811u 4500
008 100906t xxu||||| |||| 00| 0 eng d
020 _a1893115496
082 _a005.133
_bK481
100 _aKilburn, Jon
_918104
245 _aPalm programming in basic
_cJon Kilburn
260 _aNew York :
_bApress,
_c2002.
300 _a388 p. :
_bill. ;
_c24 cm.
500 _aIncludes index.
650 _aBASIC (Computer program language)
_918105
650 _aPalmPilot (Computer)
_918106
942 _cBB
_k005.133K481
_2ddc
999 _c668
_d668